| 000 | 01870nam a22002537a 4500 | ||
|---|---|---|---|
| 003 | Uzh_bibl | ||
| 008 | 260511b |||||||| |||| 00| 0 ukr d | ||
| 020 |
_a978-966-474-193-1 _c46.20 |
||
| 040 | _bукр. | ||
| 041 |
_2ukr _aukr |
||
| 080 | _a821(477) | ||
| 090 |
_a821(477) _bЛ 64 |
||
| 100 | _aЛитовченки,Тимур і Олена | ||
| 245 |
_aКинджал проти шаблі _hТекст |
||
| 260 |
_aХарків _bТОВ Творч.об-ня "Гімназія" _c2013 |
||
| 300 |
_a315 с. _fВ опр. |
||
| 520 | _aКоли князь Іван Вишневецький та його молода дружина Олександра раділи народженню свого первістка Дмитра, людська заздрість єдиним ударом розбила їхнє щастя. Полонена і продана в рабство Олександра була змушена боротися за виживання, доки не зійшла на один з найвищих щаблів влади в Османській імперії. Княжич Дмитро Вишневецький виріс хоробрим вояком, справжнім оборонцем українських земель від турецьких набігів і дістав прізвисько Байди. Саме тоді невблаганна доля зіткнула матір і сина, які не підозрювали про кревний зв’язок між ними! | ||
| 521 | _aДля широкого кола читачів | ||
| 546 | _aукр. | ||
| 650 | _aЛітературно-художнє видання | ||
| 653 |
_aЩастя _aЗаздрість _aРабство _aПолон |
||
| 655 |
_aПроза _vАвантюрно-історичний роман |
||
| 942 |
_2udc _cBK |
||
| 999 |
_c17714 _d17714 |
||